Pięć ostatnich alfabetycznie państw z każdego kontynentu - Statystyki

Ogólne statystyki
  • Ten quiz został rozwiązany 7 797 razy
  • Średni wynik to 18 z 30
Statystyki odpowiedzi
Kontynent Państwo % Poprawnych
Afryka Zambia
89%
Afryka Zimbabwe
88%
Ameryka Południowa Wenezuela
78%
Ameryka Południowa Urugwaj
75%
Ameryka Północna Stany Zjednoczone
73%
Europa Watykan
73%
Europa Włochy
73%
Europa Wielka Brytania
69%
Ameryka Południowa Peru
68%
Ameryka Południowa Paragwaj
67%
Ameryka Południowa Surinam
60%
Europa Węgry
60%
Azja Wietnam
60%
Europa Ukraina
58%
Oceania Vanuatu
57%
Azja Zjednoczone Emiraty Arabskie
56%
Oceania Wyspy Marshalla
55%
Azja Turcja
53%
Oceania Wyspy Salomona
53%
Afryka Uganda
52%
Oceania Tuvalu
51%
Azja Uzbekistan
50%
Ameryka Północna Trynidad i Tobago
47%
Ameryka Północna Salwador
45%
Azja Turkmenistan
45%
Ameryka Północna Saint Lucia
44%
Ameryka Północna Saint Vincent i Grenadyny
43%
Oceania Tonga
43%
Afryka Wyspy Świętego Tomasza i Książęca
40%
Afryka Wybrzeże Kości Słoniowej
39%
Nie znaleziono quizów pasujących do podanych kryteriów
Rozkład punktacji
Procent ludzi z każdym wynikiem
Percentyl według liczby udzielonych odpowiedzi
Twoja historia wyników
Nie rozwiązałeś tego quizu